[Event "HUN-ch U20"]
[Site "Szolnok"]
[Date "2024.04.06"]
[Round "9"]
[White "Foldes, Marton Gabor"]
[Black "Csernyik, Mark"]
[Result "1/2-1/2"]
[WhiteElo "2162"]
[BlackElo "2016"]
[PlyCount "45"]
[EventDate "2024.03.31"]
[EventType "swiss"]
[EventRounds "9"]
[EventCountry "HUN"]
[SourceTitle "CB16_2024"]
[SourceDate "2024.04.17"]
[SourceVersion "1"]
[SourceVersionDate "2024.04.17"]
[SourceQuality "1"]

1. d4 d5 2. Nf3 Nf6 3. c4 c6 4. e3 Bf5 5. Qb3 Qc7 6. cxd5 cxd5 7. Nc3 e6 8. Bd2 Nc6 9. Rc1 Be7 10. Be2 0-0 11. 0-0 Ne4 12. Nxe4 Bxe4 13. Ne5 Bd6 14. f3 Bg6 15. f4 Bxe5 16. fxe5 f6 17. exf6 Rxf6 18. Bf3 Raf8 19. Bb4 R8f7 20. Be1 Rf8 21. Bb4 R8f7 22. Be1 Rf8 23. Bb4 1/2-1/2

[Event "Arco op 45th"]
[Site "Arco"]
[Date "2023.10.15"]
[Round "9"]
[White "Lagrotteria, Salvatore"]
[Black "Foldes, Marton Gabor"]
[Result "0-1"]
[WhiteElo "1979"]
[BlackElo "2129"]
[PlyCount "86"]
[EventDate "2023.10.07"]
[EventType "swiss"]
[EventRounds "9"]
[EventCountry "ITA"]
[SourceTitle "Mega2024 Update 01"]
[Source "Chessbase"]
[SourceDate "2023.11.12"]
[SourceVersion "1"]
[SourceVersionDate "2023.11.12"]
[SourceQuality "1"]

1. Nf3 Nf6 2. c4 c5 3. b3 b6 4. g3 Bb7 5. Bg2 e6 6. 0-0 Be7 7. d3 0-0 8. Bb2 d5 9. Ne5 Qc8 10. cxd5 Bxd5 11. Nd2 Bxg2 12. Kxg2 Qb7+ 13. Kg1 Nbd7 14. Qc2 Nxe5 15. Bxe5 Nd7 16. Bb2 b5 17. a4 a6 18. axb5 axb5 19. d4 Rac8 20. Qe4 Qb6 21. dxc5 Nxc5 22. Qg4 f6 23. Bd4 e5 24. Bxc5 Bxc5 25. Qf3 Rcd8 26. Rad1 f5 27. b4 Be7 28. Qb3+ Kh8 29. Nf3 Bf6 30. e3 Qc6 31. Ne1 Rxd1 32. Qxd1 Rd8 33. Qb1 g6 34. Nd3 h5 35. Rc1 Qd5 36. Rd1 Qe4 37. Nc5 Rxd1+ 38. Qxd1 Qxb4 39. Qd6 Bg7 40. Qc7 Qc4 41. Qb8+ Kh7 42. Nd7 Qc1+ 43. Kg2 Qc6+ 0-1

[Event "Budapest BSSZ op"]
[Site "Budapest"]
[Date "2023.08.22"]
[Round "2"]
[White "Karacsonyi, Luca"]
[Black "Foldes, Marton Gabor"]
[Result "1/2-1/2"]
[WhiteElo "1810"]
[BlackElo "2116"]
[PlyCount "109"]
[EventDate "2023.08.21"]
[EventType "swiss"]
[EventRounds "9"]
[EventCountry "HUN"]
[SourceTitle "EXT 2024"]
[Source "ChessBase"]
[SourceDate "2023.10.10"]
[SourceVersion "1"]
[SourceVersionDate "2023.10.10"]
[SourceQuality "1"]

1. e4 Nf6 2. e5 Nd5 3. c4 Nb6 4. d4 d6 5. exd6 cxd6 6. Nc3 g6 7. h3 Bg7 8. Nf3 0-0 9. Be2 Nc6 10. 0-0 e5 11. Bg5 f6 12. Be3 f5 13. dxe5 dxe5 14. Qb3 Qf6 15. Bxb6 axb6 16. Nd5 Qd8 17. Nxb6 Ra5 18. Rfd1 Qe7 19. Nd5 Qc5 20. Qe3 e4 21. Qxc5 Rxc5 22. Nd2 Nd4 23. Bf1 Ra5 24. Nb3 Nxb3 25. axb3 Rxa1 26. Rxa1 Bxb2 27. Rd1 Kf7 28. Nb6 Be6 29. b4 Bf6 30. c5 Rd8 31. Rxd8 Bxd8 32. Nc4 Bc7 33. Na3 Kf6 34. b5 Ke5 35. b6 Bd8 36. Bb5 Kd4 37. c6 bxc6 38. b7 Bc7 39. Bxc6 Kc5 40. Be8 Kb6 41. Kf1 Kxb7 42. Ke2 Bd6 43. Nc2 Bc4+ 44. Kd2 Bc5 45. Ne3 Be6 46. g3 Kc7 47. Ke2 g5 48. f4 Bd6 49. fxg5 Bxg3 50. g6 Be5 51. gxh7 f4 52. Bg6 Bxh3 53. Bxe4 fxe3 54. Kxe3 Kd6 55. Bg6 1/2-1/2

[Event "Budapest BSSZ op"]
[Site "Budapest"]
[Date "2023.08.21"]
[Round "1"]
[White "Foldes, Marton Gabor"]
[Black "Kovacs, Reka"]
[Result "1-0"]
[WhiteElo "2116"]
[BlackElo "1943"]
[PlyCount "95"]
[EventDate "2023.08.21"]
[EventType "swiss"]
[EventRounds "9"]
[EventCountry "HUN"]
[SourceTitle "EXT 2024"]
[Source "ChessBase"]
[SourceDate "2023.10.10"]
[SourceVersion "1"]
[SourceVersionDate "2023.10.10"]
[SourceQuality "1"]

1. e4 c5 2. Nf3 Nc6 3. d4 cxd4 4. Nxd4 Nf6 5. Nc3 e5 6. Ndb5 d6 7. Bg5 a6 8. Na3 b5 9. Nd5 Be7 10. Bxf6 Bxf6 11. c4 b4 12. Nc2 a5 13. g3 0-0 14. Bg2 g6 15. Nxf6+ Qxf6 16. 0-0 Rd8 17. Ne3 Be6 18. Qd3 Rab8 19. f4 exf4 20. gxf4 Qd4 21. Qxd4 Nxd4 22. Rad1 Nc6 23. f5 Bd7 24. Rxd6 Be8 25. Rxd8 Rxd8 26. Nd5 Ne5 27. b3 Bc6 28. Bh3 Kg7 29. f6+ Kf8 30. Kf2 Rd6 31. Ke3 g5 32. Kd4 g4 33. Kxe5 Re6+ 34. Kd4 gxh3 35. e5 Bd7 36. Rg1 Ra6 37. Ne7 Bg4 38. Rxg4 Ke8 39. c5 a4 40. c6 Kd8 41. Kc5 Kc7 42. Nd5+ Kb8 43. Rg8+ Ka7 44. Nc7 Ra5+ 45. Kd6 axb3 46. Ra8+ Kb6 47. Rb8+ Ka7 48. Rb7# 1-0

[Event "HUN-ch Rapid"]
[Site "Ajka"]
[Date "2023.07.21"]
[Round "3"]
[White "Foldes, Marton Gabor"]
[Black "Popovics, Adam"]
[Result "1-0"]
[WhiteElo "2167"]
[BlackElo "2373"]
[PlyCount "93"]
[EventDate "2023.07.21"]
[EventType "swiss (rapid)"]
[EventRounds "13"]
[EventCountry "HUN"]
[SourceTitle "CBM 215 Extra"]
[Source "ChessBase"]
[SourceDate "2023.09.30"]
[SourceVersion "1"]
[SourceVersionDate "2023.09.30"]
[SourceQuality "1"]

1. e4 c5 2. Nf3 e6 3. d4 cxd4 4. Nxd4 a6 5. Bd3 Bc5 6. Nb3 Be7 7. c4 d6 8. 0-0 Nf6 9. Nc3 0-0 10. f4 Nbd7 11. Qe2 Qc7 12. Bd2 b6 13. Rae1 Rd8 14. Bb1 Nf8 15. g4 d5 16. exd5 Re8 17. g5 exd5 18. Qf2 Ng4 19. Nxd5 Qd8 20. Qxb6 Be6 21. Qxd8 Bxd8 22. h3 Rc8 23. hxg4 Rxc4 24. Ne3 Bb6 25. Kh2 Ra4 26. Bf5 Rxa2 27. Bxe6 Nxe6 28. Nc4 Bc7 29. Kh1 Ra4 30. Rc1 Rb8 31. Rf3 g6 32. f5 Nf8 33. Nc5 Ra2 34. Ra3 Rbxb2 35. Rxa2 Rxa2 36. Bb4 a5 37. Bc3 Rh2+ 38. Kg1 Rh4 39. Ne3 Bf4 40. Kf2 Rh2+ 41. Kf3 Bxg5 42. Ne4 Rh3+ 43. Kg2 Bxe3 44. Re1 Bd2 45. Bxd2 Ra3 46. Bc3 Nd7 47. Rd1 1-0

[Event "HUN-ch U10/14"]
[Site "Buek"]
[Date "2023.06.20"]
[Round "3"]
[White "Csernyik, Mark"]
[Black "Foldes, Marton Gabor"]
[Result "1/2-1/2"]
[WhiteElo "2049"]
[BlackElo "2160"]
[PlyCount "62"]
[EventDate "2023.06.17"]
[EventType "swiss"]
[EventRounds "9"]
[EventCountry "HUN"]
[SourceTitle "CBM 215 Extra"]
[Source "ChessBase"]
[SourceDate "2023.09.30"]
[SourceVersion "1"]
[SourceVersionDate "2023.09.30"]
[SourceQuality "1"]

1. Nf3 Nf6 2. c4 e6 3. Nc3 d5 4. d4 Be7 5. g3 0-0 6. Bg2 c6 7. 0-0 Nbd7 8. cxd5 cxd5 9. Bf4 Nh5 10. Bd2 Nhf6 11. Rc1 b6 12. Bf4 Nh5 13. Bd2 Bb7 14. Ne5 Nhf6 15. Nd3 Rc8 16. a3 Ne4 17. Bf4 Nxc3 18. Rxc3 Rxc3 19. bxc3 Qc8 20. Qa4 a5 21. h4 Bc6 22. Qb3 Qa6 23. h5 Bb5 24. Re1 Bc4 25. Qb2 Qb5 26. Qd2 Bxa3 27. Ne5 Nxe5 28. Bxe5 Be7 29. h6 g6 30. Bg7 Rc8 31. Qf4 Qd7 1/2-1/2

[Event "Puspokladany Arnoth Memorial 15th"]
[Site "Puspokladany"]
[Date "2022.07.28"]
[Round "3"]
[White "Steiner, Botond"]
[Black "Foldes, Marton Gabor"]
[Result "1/2-1/2"]
[WhiteElo "1661"]
[BlackElo "1917"]
[PlyCount "49"]
[EventDate "2022.07.27"]
[EventType "swiss"]
[EventRounds "9"]
[EventCountry "HUN"]
[SourceTitle "EXT 2023"]
[Source "ChessBase"]
[SourceDate "2022.10.05"]
[SourceVersion "1"]
[SourceVersionDate "2022.10.05"]
[SourceQuality "1"]

1. e4 c5 2. c3 g6 3. d4 cxd4 4. cxd4 d5 5. e5 Nc6 6. Bb5 Bd7 7. Bxc6 bxc6 8. Ne2 e6 9. 0-0 c5 10. Nbc3 Bg7 11. f4 cxd4 12. Qxd4 Ne7 13. Ng3 h5 14. Qd3 h4 15. Nge2 Nf5 16. Be3 Nxe3 17. Qxe3 Qb6 18. Qxb6 axb6 19. Nd4 Bf8 20. h3 Bc5 21. Rfd1 b5 22. Kh2 b4 23. Nce2 Ke7 24. b3 Rhc8 25. Rd2 1/2-1/2

[Event "HUN-ch U12"]
[Site "Tapolca"]
[Date "2021.08.04"]
[Round "4"]
[White "Matyassy, Lazar"]
[Black "Foldes, Marton Gabor"]
[Result "1/2-1/2"]
[WhiteElo "2051"]
[BlackElo "1933"]
[PlyCount "47"]
[EventDate "2021.08.01"]
[EventType "swiss"]
[EventRounds "7"]
[EventCountry "HUN"]
[SourceTitle "EXT 2022"]
[Source "ChessBase"]
[SourceDate "2021.10.06"]
[SourceVersion "1"]
[SourceVersionDate "2021.10.06"]
[SourceQuality "1"]

1. d4 Nf6 2. Nc3 d5 3. Bf4 c6 4. e3 Bf5 5. f3 h5 6. Bd3 Bxd3 7. Qxd3 e6 8. e4 Na6 9. a3 Be7 10. Nge2 Nc7 11. Bxc7 Qxc7 12. e5 Nd7 13. f4 g6 14. Nd1 c5 15. c3 0-0-0 16. Ne3 Kb8 17. b4 c4 18. Qc2 Rdg8 19. 0-0-0 Qc6 20. Rdf1 f5 21. h4 b5 22. a4 a6 23. Kd2 Kc7 24. a5 1/2-1/2

[Event "Wch FIDE Online U12 Europe qual"]
[Site "Tornelo INT"]
[Date "2020.12.09"]
[Round "6"]
[White "Magold, Filip"]
[Black "Foldes, Marton Gabor"]
[Result "1-0"]
[WhiteElo "1831"]
[BlackElo "1445"]
[PlyCount "125"]
[EventDate "2020.12.07"]
[EventType "swiss (rapid)"]
[EventRounds "7"]
[EventCountry "ISS"]
[SourceTitle "EXT 2022"]
[Source "ChessBase"]
[SourceDate "2021.10.06"]
[SourceVersion "1"]
[SourceVersionDate "2021.10.06"]
[SourceQuality "1"]

1. e4 c5 2. Nf3 e6 3. d4 cxd4 4. Nxd4 Nc6 5. Nc3 Qc7 6. Be3 a6 7. Qf3 Nf6 8. 0-0-0 Ne5 9. Qg3 b5 10. f4 Neg4 11. e5 Nxe3 12. Qxe3 Nd5 13. Nxd5 exd5 14. f5 Bc5 15. Kb1 0-0 16. f6 Re8 17. Qg5 g6 18. Nf3 Bf8 19. h4 h6 20. Qg3 Kh8 21. h5 g5 22. Re1 d6 23. Nxg5 dxe5 24. Bd3 Bd6 25. Nxf7+ Qxf7 26. Bg6 Qxf6 27. Bxe8 Bf5 28. Bg6 Rc8 29. Bxf5 Qxf5 30. Qg6 Qxg6 31. hxg6 Kg7 32. c3 Kxg6 33. Kc2 Rf8 34. Re2 Rf4 35. Rd1 d4 36. cxd4 exd4 37. Re6+ Rf6 38. Rxf6+ Kxf6 39. Rxd4 Ke6 40. Rh4 Bf8 41. Kd3 Bg7 42. b3 Kf5 43. a4 bxa4 44. Rxa4 a5 45. Rxa5+ Kg4 46. Ke2 Kg3 47. Kf1 Bc3 48. Rc5 Bb2 49. b4 h5 50. b5 h4 51. b6 Bd4 52. Rg5+ Kf4 53. b7 Kxg5 54. b8Q Bf6 55. Qg8+ Kh5 56. Ke2 Bg5 57. Kf3 h3 58. gxh3 Kh6 59. Kg4 Bf6 60. Kf5 Bg7 61. h4 Kh5 62. Qxg7 Kxh4 63. Qg4# 1-0

[Event "Wch FIDE Online U12 Europe qual"]
[Site "Tornelo INT"]
[Date "2020.12.07"]
[Round "1"]
[White "Foldes, Marton Gabor"]
[Black "Samorukov, Egor"]
[Result "1-0"]
[WhiteElo "1445"]
[BlackElo "1081"]
[PlyCount "47"]
[EventDate "2020.12.07"]
[EventType "swiss (rapid)"]
[EventRounds "7"]
[EventCountry "ISS"]
[SourceTitle "EXT 2022"]
[Source "ChessBase"]
[SourceDate "2021.10.06"]
[SourceVersion "1"]
[SourceVersionDate "2021.10.06"]
[SourceQuality "1"]

1. e4 c5 2. Nf3 e6 3. d4 cxd4 4. Nxd4 Nf6 5. Nc3 Bb4 6. Bd3 Qa5 7. Bd2 Qc5 8. Nb3 Qb6 9. 0-0 a5 10. Be3 Qc7 11. Nb5 Qe5 12. f4 Qxb2 13. Bd4 Qa3 14. Nxa3 Bxa3 15. c4 d5 16. cxd5 exd5 17. Bxf6 gxf6 18. exd5 Bb2 19. Qe2+ Be5 20. fxe5 fxe5 21. Qxe5+ Kf8 22. Rxf7+ Kxf7 23. Rf1+ Kg8 24. Qg5# 1-0

[Event "HUN-ch U12"]
[Site "Tapolca"]
[Date "2020.08.17"]
[Round "4"]
[White "Szegedy, Matyas"]
[Black "Foldes, Marton Gabor"]
[Result "1-0"]
[WhiteElo "2007"]
[BlackElo "1698"]
[PlyCount "90"]
[EventDate "2020.08.15"]
[EventType "swiss"]
[EventRounds "7"]
[EventCountry "HUN"]
[SourceTitle "EXT 2023"]
[Source "ChessBase"]
[SourceDate "2022.10.05"]
[SourceVersion "1"]
[SourceVersionDate "2022.10.05"]
[SourceQuality "1"]
[WhiteTeam "Hungary"]
[BlackTeam "Hungary"]
[WhiteTeamCountry "HUN"]
[BlackTeamCountry "HUN"]

1. e4 c5 2. Nf3 e6 3. d4 cxd4 4. Nxd4 Nc6 5. Nc3 Qc7 6. g3 a6 7. Bg2 Nf6 8. 0-0 Nxd4 9. Qxd4 Bc5 10. Bf4 d6 11. Qd2 h6 12. Na4 e5 13. Nxc5 dxc5 14. Be3 Ng4 15. Rad1 0-0 16. f4 Be6 17. b3 Rad8 18. Qc3 Nxe3 19. Qxe3 exf4 20. gxf4 Bg4 21. Rd5 c4 22. Qd2 Rfe8 23. Rf2 cxb3 24. axb3 Qb6 25. e5 Rxd5 26. Bxd5 Rd8 27. c4 Be6 28. b4 a5 29. bxa5 Qc5 30. Qa2 Bxd5 31. cxd5 Rxd5 32. Qa4 Qxa5 33. Qe8+ Kh7 34. Qxf7 Qe1+ 35. Kg2 Qe4+ 36. Kg3 Rd3+ 37. Kg4 h5+ 38. Qxh5+ Kg8 39. Qf5 Qe3 40. Qc8+ Kh7 41. Qf5+ Kg8 42. Qc8+ Kh7 43. Qf5+ Kg8 44. Kg5 Rd8 45. Rg2 Qb6 1-0